000 00491nam a2200205 a 4500
999 _c7036
_d7036
001 7036
003 BD-JhCC
005 20180204115718.0
008 180204s1965 uk |||| |||| 000 0 eng d
035 _a(BD-JhCC)
040 _aBD-JhCC
_dBD-JhCC
041 _aeng
082 _a920
_bWAL 1965
100 _aWalton, John
245 _aSix Reformers /
_cJohn Walton
260 _aLondon:
_bOxford University Press;
_c1965
300 _a84 p;,
_c18 cm
650 _aReformers
942 _2ddc
_cBK